| 000 | 00996nam0a2200289 4500 | ||
|---|---|---|---|
| 001 | RU\NLR\bibl\172921 | ||
| 005 | 20250618060822.0 | ||
| 010 |
_a5-86236-120-0 _9300 |
||
| 021 |
_aRU _b2000-48103 _92215 |
||
| 035 | _a(NLR Aleph) 000169693 | ||
| 090 |
_a977676 _c977676 |
||
| 100 | _a20010727d2000 |||y0rusy50 ca | ||
| 101 | 0 | _arus | |
| 102 | _aRU | ||
| 105 | _aa ||||||||| | ||
| 200 | 1 |
_aРомашковая новь _eСтихи разных лет _fАлексей Кеда |
|
| 210 |
_aРостов н/Д _cПриазов. край _aВолгодонск _cВолгодон. полиграфобъед. (кн. изд-во) _d2000 |
||
| 215 |
_a144 с. _cил., портр. _d20 |
||
| 686 | _aШ6(2=Р)75-5 | ||
| 700 | 1 |
_aКеда _bА. И. _gАлексей Иванович _4070 |
|
| 801 | 0 |
_aRU _bNLR _c20010727 _gPSBO |
|
| 801 | 1 |
_aRU _bNLR _c20010727 |
|
| 830 | _aАвт. раскрыт по кн. | ||
| 942 | _cBOOK | ||
| 980 | _aNB | ||